000 01376nam a2200361Ia 4500
001 ebr10464634
003 CaPaEBR
006 m u
007 cr cn|||||||||
008 960408s1993 ilua dsb 001 0 eng d
010 _z 93023912
020 _z1556521901
020 _z155652241X
020 _z9781556522413
040 _aCaPaEBR
_cCaPaEBR
035 _a(OCoLC)714822418
050 1 4 _aHV4506.N6
_bT68 1993eb
082 0 4 _a305.5/69
_220
100 1 _aToth, Jennifer.
245 1 4 _aThe mole people
_h[electronic resource] :
_blife in the tunnels beneath New York City /
_cJennifer Toth.
250 _a1st ed.
260 _aChicago, Ill. :
_bChicago Review Press,
_cc1993.
300 _ax, 267 p. :
_bill.
504 _aIncludes bibliographical references and index.
533 _aElectronic reproduction.
_bPalo Alto, Calif. :
_cebrary,
_d2011.
_nAvailable via World Wide Web.
_nAccess may be limited to ebrary affiliated libraries.
650 0 _aHomeless persons
_zNew York (State)
_zNew York.
650 0 _aHomeless persons
_vInterviews.
650 0 _aHomelessness.
650 0 _aUnderground homeless persons
_zNew York (State)
_zNew York.
655 7 _aElectronic books.
_2local
710 2 _aebrary, Inc.
856 4 0 _uhttp://site.ebrary.com/lib/rucke/Doc?id=10464634
_zAn electronic book accessible through the World Wide Web; click to view
999 _c128303
_d128303